<?xml version="1.0" encoding="UTF-8"?>
<record
    xmlns:xsi="http://www.w3.org/2001/XMLSchema-instance"
    xsi:schemaLocation="http://www.loc.gov/MARC21/slim http://www.loc.gov/standards/marcxml/schema/MARC21slim.xsd"
    xmlns="http://www.loc.gov/MARC21/slim">

  <leader>00354nam a2200145Ia 4500</leader>
  <controlfield tag="008">191201s2011    xx            000 0 und d</controlfield>
  <datafield tag="082" ind1=" " ind2=" ">
    <subfield code="a">658.0018</subfield>
    <subfield code="b">YAC</subfield>
  </datafield>
  <datafield tag="100" ind1=" " ind2=" ">
    <subfield code="a">YADAVA,Abhishak</subfield>
  </datafield>
  <datafield tag="245" ind1=" " ind2="0">
    <subfield code="a">Computer Applications in Management</subfield>
  </datafield>
  <datafield tag="250" ind1=" " ind2=" ">
    <subfield code="a">1st</subfield>
  </datafield>
  <datafield tag="260" ind1=" " ind2=" ">
    <subfield code="a">N. Delhi</subfield>
    <subfield code="b">Global vision pub</subfield>
    <subfield code="c">2011</subfield>
  </datafield>
  <datafield tag="300" ind1=" " ind2=" ">
    <subfield code="a">411</subfield>
  </datafield>
  <datafield tag="650" ind1=" " ind2=" ">
    <subfield code="a">BBA</subfield>
  </datafield>
  <datafield tag="942" ind1=" " ind2=" ">
    <subfield code="2">ddc</subfield>
    <subfield code="c">BK</subfield>
  </datafield>
  <datafield tag="999" ind1=" " ind2=" ">
    <subfield code="c">4936</subfield>
    <subfield code="d">4936</subfield>
  </datafield>
  <datafield tag="952" ind1=" " ind2=" ">
    <subfield code="0">0</subfield>
    <subfield code="1">0</subfield>
    <subfield code="2">ddc</subfield>
    <subfield code="4">0</subfield>
    <subfield code="7">0</subfield>
    <subfield code="8">BBA</subfield>
    <subfield code="a">PIET</subfield>
    <subfield code="b">PIET</subfield>
    <subfield code="d">2011-07-30</subfield>
    <subfield code="e">The book company</subfield>
    <subfield code="g">290.00</subfield>
    <subfield code="h">n</subfield>
    <subfield code="k">IN 859</subfield>
    <subfield code="l">2</subfield>
    <subfield code="o">004 YAC</subfield>
    <subfield code="p">17936</subfield>
    <subfield code="r">2022-02-14 00:00:00</subfield>
    <subfield code="s">2021-12-31</subfield>
    <subfield code="w">2011-07-27</subfield>
    <subfield code="y">BK</subfield>
  </datafield>
  <datafield tag="952" ind1=" " ind2=" ">
    <subfield code="0">0</subfield>
    <subfield code="1">0</subfield>
    <subfield code="2">ddc</subfield>
    <subfield code="4">0</subfield>
    <subfield code="7">0</subfield>
    <subfield code="8">BBA</subfield>
    <subfield code="a">PIET</subfield>
    <subfield code="b">PIET</subfield>
    <subfield code="d">2011-07-30</subfield>
    <subfield code="e">The book company</subfield>
    <subfield code="g">160.00</subfield>
    <subfield code="h">n</subfield>
    <subfield code="k">IN 859</subfield>
    <subfield code="l">1</subfield>
    <subfield code="o">004 YAC</subfield>
    <subfield code="p">17937</subfield>
    <subfield code="r">2023-12-05 00:00:00</subfield>
    <subfield code="s">2023-11-21</subfield>
    <subfield code="w">2011-07-27</subfield>
    <subfield code="y">BK</subfield>
  </datafield>
  <datafield tag="952" ind1=" " ind2=" ">
    <subfield code="0">0</subfield>
    <subfield code="1">0</subfield>
    <subfield code="2">ddc</subfield>
    <subfield code="4">0</subfield>
    <subfield code="7">0</subfield>
    <subfield code="8">BBA</subfield>
    <subfield code="a">PIET</subfield>
    <subfield code="b">PIET</subfield>
    <subfield code="d">2011-07-30</subfield>
    <subfield code="e">The book company</subfield>
    <subfield code="g">160.00</subfield>
    <subfield code="h">n</subfield>
    <subfield code="k">IN 859</subfield>
    <subfield code="l">0</subfield>
    <subfield code="o">004 YAC</subfield>
    <subfield code="p">17938</subfield>
    <subfield code="r">2019-12-04 00:00:00</subfield>
    <subfield code="w">2011-07-27</subfield>
    <subfield code="y">BK</subfield>
  </datafield>
  <datafield tag="952" ind1=" " ind2=" ">
    <subfield code="0">0</subfield>
    <subfield code="1">0</subfield>
    <subfield code="2">ddc</subfield>
    <subfield code="4">0</subfield>
    <subfield code="7">0</subfield>
    <subfield code="8">BBA</subfield>
    <subfield code="a">PIET</subfield>
    <subfield code="b">PIET</subfield>
    <subfield code="d">2011-07-30</subfield>
    <subfield code="e">The book company</subfield>
    <subfield code="g">160.00</subfield>
    <subfield code="h">n</subfield>
    <subfield code="k">IN 859</subfield>
    <subfield code="l">2</subfield>
    <subfield code="o">004 YAC</subfield>
    <subfield code="p">17939</subfield>
    <subfield code="r">2023-09-22 00:00:00</subfield>
    <subfield code="s">2023-09-12</subfield>
    <subfield code="w">2011-07-27</subfield>
    <subfield code="y">BK</subfield>
    <subfield code="z">.</subfield>
  </datafield>
  <datafield tag="952" ind1=" " ind2=" ">
    <subfield code="0">0</subfield>
    <subfield code="1">0</subfield>
    <subfield code="2">ddc</subfield>
    <subfield code="4">0</subfield>
    <subfield code="7">0</subfield>
    <subfield code="8">BBA</subfield>
    <subfield code="a">PIET</subfield>
    <subfield code="b">PIET</subfield>
    <subfield code="d">2011-07-30</subfield>
    <subfield code="e">The book company</subfield>
    <subfield code="g">160.00</subfield>
    <subfield code="h">n</subfield>
    <subfield code="k">IN 859</subfield>
    <subfield code="l">3</subfield>
    <subfield code="o">004 YAC</subfield>
    <subfield code="p">17940</subfield>
    <subfield code="r">2023-12-14 00:00:00</subfield>
    <subfield code="s">2023-12-05</subfield>
    <subfield code="w">2011-07-27</subfield>
    <subfield code="y">BK</subfield>
  </datafield>
</record>
